| 000 | 02913nam a2200529 i 4500 | ||
|---|---|---|---|
| 001 | DIGUNCK0080 | ||
| 003 | NyNyDIG | ||
| 006 | m o d | ||
| 008 | 201107s1998 ck ob 000 0 spa d | ||
| 007 | cr ||||||||||| | ||
| 035 | _a(OCoLC)652367386 | ||
| 040 |
_aDGITA _beng _erda _epn _cDGITA |
||
| 020 | _z9789589625941 | ||
| 020 | _z9589625940 | ||
| 043 | _as-ck--- | ||
| 050 | 1 | 4 | _aHQ1552 ebook |
| 082 | 0 | 4 | _a305.4209861 |
| 049 | _aCSLG | ||
| 245 | 0 | 0 |
_aMujeres, hombres y cambio social / _cLuz Gabriela Arango [and 9 others] ; presentación, Angela Inés Robledo ; introduction, Juanita Barreto y Yolanda Puyana. |
| 264 | 1 |
_aBogotá : _bUniversidad Nacional de Colombia, Sede Bogotá, Facultad de Ciencias Humanas, Centro de Estudios Sociales-CES, _c[1998] |
|
| 264 | 3 | _csegunda reimpresión 2013 | |
| 300 | _a1 online resource. | ||
| 336 |
_atext _btxt _2rdacontent |
||
| 337 |
_acomputer _bc _2rdamedia |
||
| 338 |
_aonline resource _bcr _2rdacarrier |
||
| 347 |
_atext file _2rdaft |
||
| 347 | _bPDF | ||
| 490 | 1 | _aColección CES | |
| 504 | _aIncludes bibliographical references. | ||
| 505 | 0 | _a"Que mis hijas no sufran lo que yo sufrí" : dinámica de la socialización de un grupo de mujeres de sectores populares : estudio de caso sobre la región cundiboyacense / Yolanda Puyana y Cristina Orduz -- La elección de la esterilización masculina : alianzas, arbitrajes y desencuentros conyugales / Mara Viveros Vigoya y Fredy Gómez Alcaraz -- "Yo digo que ellos son un león de papel y que hay un tigre dormido" : barrancabermeja: palabras, imágenes y relaciones de género / Juanita Barreto Gama y Luz Estela Giraldo Aristizábal -- Del paternalismo al terror de mercado : género, reestructuración y relaciones laborales en la industria textil / Luz Gabriela Arango -- Mujeres, derechos a la tierra y contrarreformas en América Latina / Carmen Diana Deere y Magdalena León. | |
| 588 | 0 | _aOnline resource; title from PDF title page (Digitalia, viewed November 9, 2020) | |
| 650 | 0 |
_aWomen _zColombia _xSocial conditions. |
|
| 651 | 0 |
_aColombia _xSocial conditions _y1970- |
|
| 650 | 0 |
_aSocial change _zColombia. |
|
| 650 | 0 |
_aWomen textile workers _zColombia. |
|
| 655 | 0 | _aElectronic books. | |
| 700 | 1 |
_aArango, Luz Gabriela, _eauthor. |
|
| 700 | 1 |
_aRobledo, Ángela Inés, _d1954- _econtributor agent of text. |
|
| 700 | 1 |
_aBarreto Gama, Juanita, _d1951- _econtributor agent of text. |
|
| 791 | 2 |
_aDigitalia (Firm), _edistributor. |
|
| 793 | 0 |
_gDigitalia eBook Collection: _aUniversidad Nacional de Colombia |
|
| 776 | 0 | 8 |
_iPrint version: _tMujeres, hombres y cambio social. _b1a ed. _dSantafé de Bogotá : Facultad de Ciencias Humanas UN, 1998 _z9589625940 _w(DLC) 99204217 _w(OCoLC)40742304 |
| 830 | 0 | _aColección CES. | |
| 856 | 4 | 0 |
_3Digitalia Hispánica _uhttps://www.digitaliapublishing.com/a/62187/ |
| 910 | _aPremium collection: 2020 | ||
| 942 | _cRAA | ||
| 999 |
_c258335 _d258335 |
||